000 00619nam a2200253Ia 4500
003 0100
008 130307s9999 xx 000 0 und d
020 _a0415308739
040 _cARRUPELIB
050 _aB72.R68 1997
245 _aRoutledge history of philosophy
260 _aLondon
260 _bRoutledge
260 _c1997
300 _a494p.
300 _b24cm
440 _aRoutledge History of Philosophy
650 _aPHILOSOPHY
650 _bCivil rights
650 _cHuman rights
650 _dPolitical persecution
700 _aParkinson, G. H. R. and Shanker, S. G. (eds.)
942 0 0 _04
999 _c95713
_d95713